000 00748nam a22002417a 4500
001 30247
003 UA-OsUOA
005 20211201214202.0
007 ta
008 20041108b un ||||| |||| 00| 0 ukr d
040 _aUA-OsUOA
_brus
_cUA-OsUOA
_dUA-OsUOA
041 _arus
044 _aRU
080 _a91
090 _a91
_bМ14
100 _aМаергойз И. М.
245 _aЧехословакия
_bкраткая экономико-географическая характеристика
260 _aМосква
_bГосударственное издательство Географической литературы
_c1954
300 _a311 с.
_bІлюстрації
650 7 _2UDC
942 _cBK
_2udc
955 _a0
999 _c316655
_d316655